Frases célebres de Mariano Rajoy - Estadísticas

Estadísticas generales
  • Esta prueba ha sido intentada 339 veces
  • La puntuación promedio es 9 de 15
Estadísticas de respuestas
Respuesta % Correcto
"Los españoles son muy españoles y {mucho españoles}"
84%
"La cerámica de Talavera no es cosa menor, dicho de otra forma, {es cosa mayor}"
75%
"Hay que fabricar máquinas que nos permitan seguir fabricando máquinas, porque lo que no va a hacer nunca la máquina es {fabricar máquinas}"
71%
"Me gustan los catalanes, {hacen cosas}.
68%
"Un vaso es un vaso y un {plato es un plato}"
68%
"¿Ustedes piensan antes de hablar o {hablan tras pensar?}"
68%
"Somos sentimientos y tenemos {seres humanos}"
67%
"Cuanto peor mejor para todos, y cuanto peor para todos mejor. Mejor para mí el suyo, {beneficio político}.
63%
"Dije que bajaría los impuestos y {los estoy subiendo}"
61%
"Lo que nosotros hemos hecho, cosa que no hizo usted, es {engañar a la gente}"
51%
"It's very difficult {todo esto}"
46%
"{ETA} es una gran nación"
38%
"¡{Los chuches}, nos suben el IVA de {los chuches}!
37%
"Es el alcalde el que quiere {que sean los vecinos el alcalde}"
36%
"Todo lo que se refiere a mí y a los compañeros de partido que figuran ahí no es cierto, {salvo alguna cosa}"
18%
No se encontraron pruebas coincidentes
Distribución de puntuación
Porcentaje de gente con cada puntuación
Porcentaje por número respondido
Historial de tus puntuaciones
No has intentado esta prueba.